000 00267nam a2200109Ia 4500
008 190216s9999||||xx |||||||||||||| ||und||
100 _aNekragor
245 0 _aPractial Organic Chemistry(A Basic Course)
260 _bMir Pubs Moscow
650 _aChemistry
942 _cBK
999 _c2110
_d2110